000 00927nam a22002417a 4500
999 _c11734
_d11734
003 AR-CdUCM
008 190404b ||||| |||| 00| 0 spa d
040 _aMUNICIPALIDAD PROVINCIAL DEL CUSCO
_cBIBLIOTECA MUNICIPAL DEL CUSCO
082 _a376.5 /
_bC95 / 1933
245 _aLa crisis universitaria /
260 _aSantiago de Chile :
_bEmpresa letras,
_c1933.
300 _a134 paginas ;
_c18 cm.
505 _aContenido :¿Crisis de la universidad?, por Ernst Robert Curtius --Eduard Spranger --La concepción francesa de la universidad por C.Bougle ...
650 _aUniversidades
_92151
650 _aAspectos sociales
_9262
650 _aReforma universitaria
_91992
650 _aEnsayos, conferencias
_91255
700 _aCurtius, Ernst Robert
_917281
700 _aPino Saavedra, Yolando (compilador)
_929230
700 _aMunizaga Aguirre, Roberto (compilador)
_929231
942 _2ddc
_cLIBROS
945 _arjall